| 000 | 00450nam a2200181Ia 4500 | ||
|---|---|---|---|
| 005 | 20240805045024.0 | ||
| 008 | 240331s9999 xx 000 0 und d | ||
| 020 | _a9559052020 | ||
| 082 |
_bWOM _a382 |
||
| 245 | 0 | _aWomen in export production villages | |
| 260 |
_aSr Lanka _bCenter For Women's Research _c1990 |
||
| 300 | _ax, 151 p ., | ||
| 650 | _aWomen | ||
| 650 | _aEconomic | ||
| 650 | _aSocial | ||
| 700 |
_aJayaweera,S. _eedt |
||
| 942 | _cL | ||
| 999 |
_c2962 _d2962 |
||